| 000 | 00854cab a2200181 4500 | ||
|---|---|---|---|
| 001 | ##L132104 | ||
| 008 | 060110n2006 000 0 eng u | ||
| 035 | _a(Sirsi) u132104 | ||
| 041 | 0 | _aeng | |
| 100 | 1 | _aLynch, Russ | |
| 245 | 0 | 0 | _aRetentions on the wane |
| 260 | _c2006 | ||
| 490 | 0 |
_aConstruction News _v6948, 6 January 2006, 10-11(2) |
|
| 520 | _aA survey by Construction News has revealed that many local authorities are now discontinuing the practice of making retentions on construction projects. The survey also revealed that not all councils automatically return retentions to contractors at the end of the defect period. Contains table showing the amount of retentions held by a number of local authorities. | ||
| 590 | _aIKA170106 | ||
| 690 | _aBUILT ENVIRONMENT-CONSTRUCTION MANAGEMENT-BUILDING CONTRACT ADMINISTRATION | ||
| 942 | _n0 | ||
| 999 |
_c76325 _d76325 |
||